| 000 | 00566nam a2200229Ia 4500 | ||
|---|---|---|---|
| 008 | 210210b2008 xxu||||| |||| 00| 0 eng d | ||
| 020 | _a9788183563178 | ||
| 041 | _aeng | ||
| 082 | _a368.32 BISM | ||
| 100 | _aBISWASROY (Prasanna Kumar) | ||
| 245 | _aMarketing of life insurance business | ||
| 260 |
_aNew Delhi. _bDiscovery Publishing House _c2008 |
||
| 300 | _a294 | ||
| 650 | _aof | ||
| 650 | _aMarketing | ||
| 650 | _alife | ||
| 650 | _ainsurance | ||
| 650 | _abusiness | ||
| 690 | _aInsurance | ||
| 700 | _aRAO (Venkateswara) | ||
| 906 | _a063431 | ||
| 999 |
_c136151 _d136151 |
||